000 00283nam a2200121Ia 4500
005 20251222154427.0
008 251222s9999||||xx |||||||||||||| ||spa||
020 _a84-8444-388-4
082 _a868.9/D75/Ej.2
100 _a"Díez-Canedo, Enrique"
245 0 _aPoesías
942 _cLIB
999 _c36271
_d36271